BUBT Library Online Catalog

Circular Knitting : (Record no. 5426)

000 -LEADER
fixed length control field 00611nam a22002057a 4500
003 - CONTROL NUMBER IDENTIFIER
control field BUBTL
008 - FIXED-LENGTH DATA ELEMENTS--GENERAL INFORMATION
fixed length control field 170312b xxu||||| |||| 00| 0 eng d
020 ## - INTERNATIONAL STANDARD BOOK NUMBER
International Standard Book Number 3-87525-066-4
082 ## - DEWEY DECIMAL CLASSIFICATION NUMBER
Classification number 677IYC
100 ## - MAIN ENTRY--PERSONAL NAME
9 (RLIN) 2033
Personal name Iyer,Chandrasekhar
245 ## - TITLE STATEMENT
Title Circular Knitting :
Remainder of title Technology Process Structures Yarns Quality/
260 ## - PUBLICATION, DISTRIBUTION, ETC. (IMPRINT)
Place of publication, distribution, etc. Germany :
Name of publisher, distributor, etc. Meisenbach Gmbh,
Date of publication, distribution, etc. c1992.
300 ## - PHYSICAL DESCRIPTION
Extent xi,269 p. :
Other physical details ill. ;
Dimensions 21 cm.
650 #0 - SUBJECT ADDED ENTRY--TOPICAL TERM
9 (RLIN) 1107
Topical term or geographic name as entry element Textile Engineering
700 ## - ADDED ENTRY--PERSONAL NAME
9 (RLIN) 2034
Personal name Mammel,Bernd
700 ## - ADDED ENTRY--PERSONAL NAME
9 (RLIN) 2035
Personal name Schach,Wolfgang
856 ## - ELECTRONIC LOCATION AND ACCESS
Password 0
Logon 0
Link text Download
942 ## - ADDED ENTRY ELEMENTS (KOHA)
Source of classification or shelving scheme
Koha item type Books
Holdings
Withdrawn status Lost status Source of classification or shelving scheme Damaged status Not for loan Collection code Permanent location Current location Shelving location Date acquired Inventory number Total Checkouts Full call number Barcode Date last seen Copy number Price effective from Koha item type Total Renewals Date last checked out
        Not For Loan Non-fiction Bangladesh University of Business and Technology Library Bangladesh University of Business and Technology Library Textile Engineering Stacks 08/24/2013 16697   677IYC BUBTL-200316697 03/12/2017 C-1 03/12/2017 Books    
          Non-fiction Bangladesh University of Business and Technology Library Bangladesh University of Business and Technology Library Textile Engineering Stacks 08/24/2013 16698 1 677IYC BUBTL-200316698 01/06/2019 C-2 03/12/2017 Books 1 12/08/2018
          Non-fiction Bangladesh University of Business and Technology Library Bangladesh University of Business and Technology Library Textile Engineering Stacks 08/24/2013 16699   677IYC BUBTL-200316699 03/12/2017 C-3 03/12/2017 Books    
          Non-fiction Bangladesh University of Business and Technology Library Bangladesh University of Business and Technology Library Textile Engineering Stacks 08/24/2013 16700   677IYC BUBTL-200316700 03/12/2017 C-4 03/12/2017 Books    
          Non-fiction Bangladesh University of Business and Technology Library Bangladesh University of Business and Technology Library Textile Engineering Stacks 08/24/2013 16696   677IYC BUBTL-200316696 09/19/2018 C-5 09/19/2018 Books    

More Information About Library

Library Hours

  • Open: 9.00 am. to 9.00 pm.
  • Only Sunday: 9.00 am. to 6.00 pm.
  • Closed: Holiday

Contact to the University

Bangladesh University of Business and Technology Library

  • Mirpurl-2, 1216.
  • Phone:
  • Fax:
  • E-Mail: admin.library@bubt.edu.bd

Contact to the Library

Contact Person:

Md. Abdul Hakim Shah
Joint Librarian
PABX No:  113
Cell No: 01816332931
E-mail: official: admin.library@bubt.edu.bd
Personal: hakim.shah@bubt.edu.bd


BUBT Library

Copyright © 2021